[Event "XXX Festival A"]
[Site "Arco ITA"]
[Date "2008.10.25"]
[Round "8"]
[White "Ricci, Alfredo"]
[Black "Collato, Luca"]
[Result "1-0"]
[WhiteElo "2020"]
[BlackElo "1848"]
[PlyCount "53"]
[EventDate "2008.10.18"]

1. e4 c5 2. Nf3 Nc6 3. d4 cxd4 4. Nxd4 g6 5. Nc3 Bg7 6. Be3 Nf6 7. Nxc6 bxc6 8.
e5 Ng8 9. f4 d6 10. Bc4 Nh6 11. Qf3 d5 12. Bb3 O-O 13. h3 Nf5 14. Bf2 Qa5 15.
O-O-O Be6 16. g4 d4 17. Na4 Ne3 18. Rxd4 Nd5 19. Rhd1 Nxf4 20. Rxf4 Bh6 21. Kb1
Bxb3 22. axb3 Bxf4 23. Qxf4 Rfd8 24. Rf1 Qd5 25. Nc3 Qe6 26. Ne4 Rd5 27. Ng5
1-0

[Event "XXX Festival A"]
[Site "Arco ITA"]
[Date "2008.10.25"]
[Round "8"]
[White "Salati, Paolo"]
[Black "Traversi, Carlo"]
[Result "1-0"]
[WhiteElo "1866"]
[BlackElo "1759"]
[PlyCount "79"]
[EventDate "2008.10.18"]

1. e4 Nc6 2. d4 e5 3. d5 Nce7 4. Nf3 Ng6 5. Nc3 Bc5 6. Na4 Bb6 7. Nxb6 axb6 8.
g3 d6 9. Bg2 N8e7 10. O-O O-O 11. Qd3 f5 12. c4 fxe4 13. Qxe4 Bf5 14. Qe2 Bg4
15. Qe4 Bf5 16. Qe2 Bg4 17. Qd3 Bxf3 18. Bxf3 Nf5 19. Be4 Qf6 20. Bd2 Nd4 21.
f4 Kh8 22. Bc3 Qe7 23. f5 Nh4 24. Bxd4 exd4 25. gxh4 Qxh4 26. Rf2 Rae8 27. Bg2
Re3 28. Qf1 Rfe8 29. Rf4 Qg5 30. Rxd4 Re2 31. Rd3 R8e4 32. Rg3 Qd2 33. Bxe4
Qd4+ 34. Kh1 Qxe4+ 35. Rg2 Re3 36. Rc1 Rf3 37. Qe2 Re3 38. Qf1 Rf3 39. Qe2 Re3
40. Qg4 1-0

[Event "XXX Festival A"]
[Site "Arco ITA"]
[Date "2008.10.25"]
[Round "8"]
[White "Savarese, Vincenzo"]
[Black "Buglisi, Massimo"]
[Result "0-1"]
[WhiteElo "1821"]
[BlackElo "1969"]
[PlyCount "92"]
[EventDate "2008.10.18"]

1. e4 c5 2. Nf3 Nc6 3. c3 d5 4. exd5 Qxd5 5. d4 Bg4 6. Be2 Nf6 7. O-O e6 8. Na3
cxd4 9. Nb5 Qd8 10. Nbxd4 Nxd4 11. Nxd4 Bxe2 12. Qxe2 Be7 13. Bf4 O-O 14. Rad1
Qb6 15. Qb5 Bc5 16. Qxb6 Bxb6 17. h3 a6 18. Nc2 Nd5 19. Be5 Rac8 20. Rd2 Rfd8
21. Rfd1 Kf8 22. b3 f6 23. c4 fxe5 24. cxd5 exd5 25. Ne3 Bxe3 26. fxe3 Rc5 27.
Rf1+ Ke7 28. Rdf2 Kd6 29. Rf7 Rc7 30. Rxc7 Kxc7 31. Rc1+ Kd6 32. Kf2 Rd7 33.
Ke2 Rc7 34. Rxc7 Kxc7 35. a3 e4 36. Kd2 Kd6 37. g3 Ke5 38. Kc3 b6 39. g4 g5 40.
Kc2 d4 41. Kd2 dxe3+ 42. Kxe3 h6 43. a4 a5 44. Ke2 Kd4 45. Kd2 e3+ 46. Ke2 Ke4
0-1

[Event "XXX Festival A"]
[Site "Arco ITA"]
[Date "2008.10.25"]
[Round "8"]
[White "Schrott, Ernst"]
[Black "Caldara, Sisto"]
[Result "1-0"]
[WhiteElo "2072"]
[BlackElo "1868"]
[PlyCount "57"]
[EventDate "2008.10.18"]

1. e4 g6 2. f4 Bg7 3. Nf3 d6 4. Bc4 e6 5. Nc3 a6 6. O-O Nd7 7. d4 b5 8. Bb3 Bb7
9. f5 gxf5 10. exf5 e5 11. Ng5 Ngf6 12. Nxf7 Qe7 13. Nxh8 Bxh8 14. dxe5 dxe5
15. Be3 O-O-O 16. Qe2 Qg7 17. Rad1 Ng4 18. Bd5 Rg8 19. Bxb7+ Kxb7 20. Bc1 h5
21. h3 Ngf6 22. a4 b4 23. Nd5 h4 24. Nxb4 Nc5 25. Be3 Qe7 26. Nxa6 Nxa4 27.
Qb5+ Nb6 28. Nc5+ Kb8 29. Qc6 1-0

[Event "XXX Festival A"]
[Site "Arco ITA"]
[Date "2008.10.25"]
[Round "8"]
[White "Sigillo, Carmelo"]
[Black "Del Nevo, Claudio"]
[Result "1/2-1/2"]
[WhiteElo "1751"]
[BlackElo "1898"]
[PlyCount "43"]
[EventDate "2008.10.18"]

1. e4 d6 2. d4 Nf6 3. Nc3 c6 4. f4 g6 5. Nf3 Bg7 6. h3 O-O 7. Bd3 b5 8. Be3 b4
9. Ne2 Ba6 10. g4 Bxd3 11. cxd3 Nbd7 12. Ng3 e5 13. g5 Ne8 14. Qd2 exd4 15.
Nxd4 Bxd4 16. Bxd4 Nc5 17. f5 Ng7 18. O-O Nd7 19. Qf4 Ne5 20. Qh4 c5 21. Be3
Qc7 22. Rad1 1/2-1/2

[Event "XXX Festival A"]
[Site "Arco ITA"]
[Date "2008.10.25"]
[Round "8"]
[White "Sigmund, Ingenuin"]
[Black "Antoniacci, Riccardo"]
[Result "0-1"]
[WhiteElo "1676"]
[BlackElo "1893"]
[PlyCount "148"]
[EventDate "2008.10.18"]

1. e4 e5 2. d4 exd4 3. Nf3 Bb4+ 4. c3 dxc3 5. Nxc3 Nf6 6. Bc4 O-O 7. e5 Ne4 8.
Qc2 d5 9. exd6 Nxd6 10. Bd3 Re8+ 11. Be3 Bxc3+ 12. bxc3 h6 13. O-O Nc6 14. Rad1
Bg4 15. Be2 Qf6 16. Nd4 Bxe2 17. Nxe2 Nf5 18. Bc1 Qe5 19. Nf4 Rad8 20. g3 Rxd1
21. Rxd1 Nd6 22. Ng2 Nb5 23. Re1 Qxe1+ 24. Nxe1 Rxe1+ 25. Kg2 Nd6 26. Ba3 Re6
27. Bc5 b6 28. Be3 Na5 29. Bf4 Nac4 30. Qa4 a5 31. Qd7 c5 32. Qc7 g5 33. Bxd6
Rxd6 34. Qc8+ Kg7 35. h4 Ne5 36. hxg5 hxg5 37. Qf5 f6 38. Qc8 Kg6 39. Qg8+ Kf5
40. a4 g4 41. Qh7+ Ke6 42. Qg8+ Kd7 43. Qb3 Kc6 44. Qb1 Rd3 45. Qc1 Kd6 46. Qb1
Kc7 47. Qb3 Rf3 48. Qe6 c4 49. Kf1 Rxc3 50. Qxf6 Rc1+ 51. Ke2 Nd3 52. Qg7+ Kd6
53. Qxg4 Rc2+ 54. Ke3 Kc5 55. Qf5+ Kb4 56. Qb5+ Ka3 57. f4 Nb2 58. Qxb6 Nxa4
59. Qxa5 c3 60. f5 Rg2 61. Kf3 Rg1 62. Qc7 Kb2 63. Qe5 Kb1 64. Qe4+ c2 65. g4
Rf1+ 66. Kg2 Rd1 67. Qb4+ Nb2 68. Qe4 Rd3 69. Qe1+ c1=Q 70. Qxc1+ Kxc1 71. f6
Nc4 72. f7 Rd8 73. Kg3 Ne5 74. Kf4 Nxf7 0-1

[Event "XXX Festival A"]
[Site "Arco ITA"]
[Date "2008.10.25"]
[Round "8"]
[White "Spornberger, Maximilian"]
[Black "Schaberg, Wolfgang"]
[Result "1/2-1/2"]
[WhiteElo "2023"]
[BlackElo "1932"]
[PlyCount "47"]
[EventDate "2008.10.18"]

1. d4 d5 2. Bf4 Nf6 3. e3 c5 4. dxc5 Qa5+ 5. Nc3 e6 6. a3 Qxc5 7. Nb5 Na6 8.
Be5 Bd7 9. Bd4 Qc8 10. Nxa7 Qc7 11. Nb5 Qa5+ 12. Nc3 Nc7 13. Nf3 b5 14. Be5 b4
15. Bxc7 Qxc7 16. axb4 Rxa1 17. Qxa1 Bxb4 18. Qa8+ Ke7 19. Qxh8 Bxc3+ 20. Kd1
Qa5 21. Qb8 Qa1+ 22. Ke2 Qa6+ 23. Kd1 Qa1+ 24. Ke2 1/2-1/2

[Event "XXX Festival A"]
[Site "Arco ITA"]
[Date "2008.10.25"]
[Round "8"]
[White "Tomasi, Diego"]
[Black "Bernardi, Ruben"]
[Result "1-0"]
[WhiteElo "2002"]
[BlackElo "2154"]
[PlyCount "81"]
[EventDate "2008.10.18"]

1. e4 c5 2. d4 cxd4 3. c3 dxc3 4. Nxc3 Nc6 5. Bc4 e6 6. Nf3 a6 7. Qe2 b5 8. Bb3
d6 9. O-O Qc7 10. Bf4 Nge7 11. Rac1 Ng6 12. Bg3 Qb7 13. Rfd1 Na5 14. Bc2 e5 15.
Nd5 Nc6 16. Bb3 Bd7 17. Qd2 Rc8 18. h3 h6 19. a3 Nge7 20. Ne3 Rd8 21. Nd5 Be6
22. Bh4 Rd7 23. Qc3 a5 24. Rd2 b4 25. axb4 axb4 26. Qc2 Rd8 27. Ba4 Bd7 28. Bb3
Rc8 29. Qd1 Na5 30. Rxc8+ Nxc8 31. Qc2 Nxb3 32. Nc7+ Qxc7 33. Qxc7 g5 34. Nxe5
Be6 35. Nc6 Be7 36. Rxd6 Kf8 37. Rxe6 fxe6 38. Nxe7 Nxe7 39. Qd8+ Kf7 40. Qxh8
gxh4 41. Qxh6 1-0

[Event "XXX Festival A"]
[Site "Arco ITA"]
[Date "2008.10.25"]
[Round "8"]
[White "Tratar, Marko"]
[Black "Astengo, Corrado"]
[Result "1-0"]
[WhiteElo "2507"]
[BlackElo "2172"]
[PlyCount "57"]
[EventDate "2008.10.18"]

1. c4 c6 2. Nf3 d5 3. e3 Nf6 4. Nc3 a6 5. d4 b5 6. c5 Bg4 7. Qb3 Nbd7 8. a4 e6
9. Qa3 Rb8 10. axb5 axb5 11. Qa6 Qc7 12. Na2 Be7 13. Nb4 Rc8 14. Qxc6 Qxc6 15.
Nxc6 Rxc6 16. Bxb5 Rc7 17. Ra8+ Bd8 18. Ne5 Bf5 19. Nc6 Rxc6 20. Bxc6 O-O 21.
b4 e5 22. Bb2 Bc7 23. Rxf8+ Kxf8 24. f3 Ke7 25. Ke2 e4 26. f4 Nb8 27. Ba4 Bg4+
28. Kd2 Na6 29. Bc3 1-0

[Event "XXX Festival A"]
[Site "Arco ITA"]
[Date "2008.10.25"]
[Round "8"]
[White "Valenti, Giuseppe"]
[Black "Romagnoli, Roberto"]
[Result "1/2-1/2"]
[WhiteElo "2162"]
[BlackElo "2080"]
[PlyCount "85"]
[EventDate "2008.10.18"]

1. e4 g6 2. d4 d6 3. Nc3 Bg7 4. Nf3 c6 5. h3 Nd7 6. Be2 e5 7. dxe5 Nxe5 8. Nd4
Ne7 9. Be3 O-O 10. f4 Nd7 11. f5 d5 12. exd5 Nxd5 13. Nxd5 cxd5 14. O-O Nf6 15.
fxg6 hxg6 16. Bf3 Re8 17. Qd3 Ne4 18. c3 Bd7 19. Rae1 Bc6 20. b4 a6 21. Nxc6
bxc6 22. Bd4 f5 23. Bxg7 Kxg7 24. Qd4+ Qf6 25. Bxe4 Qxd4+ 26. cxd4 Rxe4 27.
Rxe4 dxe4 28. Rc1 a5 29. a3 axb4 30. axb4 Rb8 31. Rc4 Rb6 32. Kf2 f4 33. g3 g5
34. h4 Kg6 35. Rc5 fxg3+ 36. Kxg3 gxh4+ 37. Kxh4 Rxb4 38. Rxc6+ Kf5 39. Kg3
Rxd4 40. Kf2 Ra4 41. Ke3 Ra3+ 42. Ke2 Ke5 43. Rc8 1/2-1/2

[Event "XXX Festival A"]
[Site "Arco ITA"]
[Date "2008.10.25"]
[Round "8"]
[White "Virzi, Ettore"]
[Black "Fragni, Enrico"]
[Result "1-0"]
[WhiteElo "1950"]
[BlackElo "1784"]
[PlyCount "97"]
[EventDate "2008.10.18"]

1. e4 c6 2. c4 e5 3. Nf3 d6 4. Nc3 Bg4 5. Be2 Nf6 6. d4 Nbd7 7. O-O Be7 8. Be3
a5 9. Nd2 Bxe2 10. Qxe2 Qc7 11. a3 O-O 12. d5 h6 13. b3 Rfb8 14. Rfc1 Qd8 15.
h3 Nh7 16. b4 axb4 17. axb4 Rxa1 18. Rxa1 Ra8 19. Qd1 Bg5 20. Rxa8 Qxa8 21.
Bxg5 hxg5 22. Qa4 Qxa4 23. Nxa4 Nhf6 24. Kf1 Kf8 25. Ke2 Ke7 26. Kd3 Ne8 27.
Nb3 cxd5 28. cxd5 b6 29. Nc3 Nc7 30. Kc4 Kd8 31. Nb5 Nxb5 32. Kxb5 Kc7 33. g4
Kb7 34. Nd2 f6 35. Nf3 Nf8 36. h4 Nh7 37. h5 Nf8 38. Nd2 Nd7 39. Nc4 Kc7 40. f3
Nb8 41. Nxb6 Kb7 42. Nc4 Kc7 43. Ka5 Nd7 44. Ka6 Nb8+ 45. Ka7 Nd7 46. b5 Nc5
47. b6+ Kc8 48. Nxd6+ Kd7 49. Nf5 1-0

[Event "XXX Festival A"]
[Site "Arco ITA"]
[Date "2008.10.25"]
[Round "8"]
[White "Von Wantoch, Markus"]
[Black "Giuriato, Sergio"]
[Result "1/2-1/2"]
[WhiteElo "1922"]
[BlackElo "1967"]
[PlyCount "41"]
[EventDate "2008.10.18"]

1. e4 Nc6 2. Nc3 e5 3. Bc4 Nf6 4. d3 Bc5 5. f4 d6 6. Nf3 Bg4 7. Na4 Bb6 8. Nxb6
axb6 9. c3 O-O 10. O-O d5 11. exd5 Nxd5 12. h3 Bxf3 13. Qxf3 Nxf4 14. d4 Na5
15. Bb5 Ng6 16. dxe5 Nb3 17. Bg5 Qxg5 18. axb3 Qxe5 19. Rxa8 Rxa8 20. Qxf7+ Kh8
21. Qf5 1/2-1/2

[Event "XXX Festival A"]
[Site "Arco ITA"]
[Date "2008.10.25"]
[Round "8"]
[White "Vuelban, Virgilio"]
[Black "Qendro, Llambi"]
[Result "1/2-1/2"]
[WhiteElo "2390"]
[BlackElo "2373"]
[PlyCount "125"]
[EventDate "2008.10.18"]

1. d4 g6 2. e4 Bg7 3. Nc3 c6 4. Nf3 d6 5. Be3 Qb6 6. Rb1 Nf6 7. h3 O-O 8. Be2
Qc7 9. O-O Nbd7 10. Qd2 e5 11. dxe5 dxe5 12. a4 Re8 13. Rfd1 Nh5 14. Bc4 Nf8
15. Ng5 Be6 16. Nxe6 Nxe6 17. Bxe6 Rxe6 18. Qd7 Re7 19. Qxc7 Rxc7 20. a5 Nf4
21. b4 Ne6 22. Na4 Kf8 23. Rd2 Ke8 24. Rbd1 Bf6 25. Kf1 Be7 26. c3 c5 27. b5
Rd8 28. Rd5 Rcd7 29. Ke2 Nc7 30. Rxd7 Rxd7 31. Rb1 Ne6 32. Nb2 Bg5 33. Bxg5
Nxg5 34. f3 Ne6 35. g3 f6 36. Nc4 h5 37. Ne3 h4 38. Nd5 Kf7 39. gxh4 Nf4+ 40.
Nxf4 exf4 41. Rg1 c4 42. Rg4 Re7 43. Rxf4 Re5 44. Ke3 Rxb5 45. Kd4 Rxa5 46.
Kxc4 Ra1 47. Rg4 Rf1 48. Rg3 a5 49. Rg2 Rxf3 50. Rb2 Rxh3 51. Rxb7+ Ke6 52. Kd4
Rxh4 53. Rb6+ Ke7 54. Rb7+ Ke6 55. c4 f5 56. Rb6+ Kf7 57. c5 fxe4 58. c6 Ke6
59. c7+ Kd7 60. Rxg6 Kxc7 61. Ra6 Rh5 62. Kxe4 Kb7 63. Rf6 1/2-1/2

[Event "XXX Festival A"]
[Site "Arco ITA"]
[Date "2008.10.25"]
[Round "8"]
[White "Wohl, Aleksandar H."]
[Black "De Eccher, Stefano"]
[Result "1-0"]
[WhiteElo "2362"]
[BlackElo "2263"]
[PlyCount "79"]
[EventDate "2008.10.18"]

1. Nf3 d5 2. g3 Nf6 3. Bg2 Bf5 4. O-O e6 5. c4 c6 6. cxd5 exd5 7. d3 Be7 8. Qc2
h6 9. Nc3 O-O 10. e4 Bh7 11. Bf4 Na6 12. Rad1 g5 13. Bc1 d4 14. Ne2 c5 15. h4
Nd7 16. a3 Nc7 17. Nh2 Kh8 18. hxg5 hxg5 19. f4 gxf4 20. Nxf4 Ne5 21. Qe2 Rg8
22. Qh5 Rg5 23. Qh3 Qg8 24. Nh5 Rg6 25. Rf5 f6 26. Bf4 Ne6 27. Rxe5 Nxf4 28.
Nxf4 fxe5 29. Nxg6+ Qxg6 30. Rf1 Rg8 31. Rf3 Bf8 32. Qd7 Bh6 33. Qc7 Qg5 34.
Nf1 Bg6 35. Qxc5 b6 36. Qc7 Rg7 37. Rf8+ Kh7 38. Qb8 Bf7 39. Rh8+ Kg6 40. Qd6+
1-0

[Event "XXX Festival A"]
[Site "Arco ITA"]
[Date "2008.10.25"]
[Round "8"]
[White "Zenatto, Giuliano"]
[Black "Papa, Angelo"]
[Result "0-1"]
[WhiteElo "1762"]
[BlackElo "1870"]
[PlyCount "42"]
[EventDate "2008.10.18"]

1. d4 g6 2. c4 Bg7 3. Nf3 d6 4. Nc3 Nf6 5. e3 O-O 6. Bd3 Nbd7 7. Qc2 e5 8. d5
Nc5 9. e4 a5 10. Be2 Nh5 11. Rb1 f5 12. Nd2 Nf4 13. g3 Nxe2 14. Kxe2 fxe4 15.
Ndxe4 Bg4+ 16. Ke1 b6 17. Be3 Qd7 18. Qd2 Nxe4 19. Nxe4 Bf3 20. Rg1 Bxe4 21.
Rc1 Qh3 0-1

[Event "XXX Festival A"]
[Site "Arco ITA"]
[Date "2008.10.26"]
[Round "9"]
[White "Antoniacci, Riccardo"]
[Black "Jensen, Leif"]
[Result "0-1"]
[WhiteElo "1893"]
[BlackElo "2036"]
[PlyCount "74"]
[EventDate "2008.10.18"]

1. e4 e6 2. Qe2 g6 3. g3 Bg7 4. Bg2 d6 5. Nf3 Ne7 6. d3 O-O 7. h4 Nbc6 8. Nbd2
e5 9. Nf1 Bg4 10. N1h2 Nd4 11. Qd1 Nxf3+ 12. Bxf3 Bxf3 13. Nxf3 Qd7 14. Be3 f5
15. Qe2 Qc6 16. Bg5 Rae8 17. O-O-O d5 18. Nd2 Qa6 19. f3 Qxa2 20. h5 Nc6 21.
hxg6 hxg6 22. Bh6 Nd4 23. Qg2 Re6 24. exd5 Qxd5 25. Bxg7 Kxg7 26. Qh2 Ra6 27.
Nb1 Kf7 28. Qh4 Ke6 29. Qh7 Rf6 30. Qg8+ Kd6 31. Qd8+ Ke6 32. Qe8+ Kd6 33. Rh7
Kc5 34. Rxc7+ Kb6 35. Rd7 Qc5 36. Qd8+ Kb5 37. Rd5 Nb3# 0-1

[Event "XXX Festival A"]
[Site "Arco ITA"]
[Date "2008.10.26"]
[Round "9"]
[White "Arakhamia-Grant, Ketevan"]
[Black "Wohl, Aleksandar H."]
[Result "1/2-1/2"]
[WhiteElo "2448"]
[BlackElo "2362"]
[PlyCount "100"]
[EventDate "2008.10.18"]

1. e4 e5 2. Nf3 Nc6 3. Bb5 Nge7 4. O-O g6 5. c3 a6 6. Ba4 Bg7 7. d4 exd4 8.
cxd4 b5 9. Bb3 O-O 10. Nc3 d6 11. h3 Na5 12. Bc2 c5 13. Bf4 cxd4 14. Nxd4 Nc4
15. Rb1 Bb7 16. Bg5 h6 17. Bh4 Re8 18. Qd3 Rc8 19. Rfd1 Qb6 20. Nde2 Qc5 21.
Bb3 g5 22. Bg3 Red8 23. h4 d5 24. exd5 Nxd5 25. hxg5 Nxc3 26. Qxd8+ Rxd8 27.
Rxd8+ Kh7 28. Nxc3 hxg5 29. Bc2+ Kh6 30. Rb8 Bc6 31. Rd1 Ne5 32. Rc8 b4 33.
Bxe5 Bxe5 34. Be4 Bh2+ 35. Kh1 Qxf2 36. Rxc6+ Kg7 37. Kxh2 bxc3 38. Bf3 g4 39.
Bxg4 c2 40. Rd3 c1=Q 41. Rxc1 Qf4+ 42. Rg3 Qxc1 43. Bh5+ Kf8 44. Rf3 Qxb2 45.
Bxf7 Qe5+ 46. Kh3 Kg7 47. Bb3 Qh5+ 48. Kg3 Qg5+ 49. Kh3 Qh5+ 50. Kg3 Qg5+
1/2-1/2

[Event "XXX Festival A"]
[Site "Arco ITA"]
[Date "2008.10.26"]
[Round "9"]
[White "Astengo, Corrado"]
[Black "De Andres Gonalons, Fernando"]
[Result "1-0"]
[WhiteElo "2172"]
[BlackElo "2092"]
[PlyCount "81"]
[EventDate "2008.10.18"]

1. e4 e6 2. d3 d5 3. Nd2 Nf6 4. Ngf3 c5 5. g3 Be7 6. Bg2 O-O 7. O-O Nc6 8. Re1
b5 9. e5 Nd7 10. Nf1 a5 11. h4 b4 12. Bf4 Ba6 13. N1h2 a4 14. a3 Bb5 15. h5 Rc8
16. Qd2 Qb6 17. Ng4 c4 18. axb4 cxd3 19. c3 d4 20. Ng5 dxc3 21. bxc3 Rfd8 22.
Be4 Nf8 23. Nf3 Rd7 24. Bh6 f5 25. exf6 Bxf6 26. Nxf6+ gxf6 27. Qf4 Qd8 28.
Rad1 Na7 29. Ne5 fxe5 30. Qg4+ Kh8 31. Bg5 Rg7 32. Bg6 Qc7 33. Bf6 Nxg6 34. h6
Qf7 35. Bxg7+ Kg8 36. Bxe5 Rf8 37. Bd4 Nc6 38. Bc5 Nce7 39. c4 Bc6 40. Rxd3 Bf3
41. Qg5 1-0

[Event "XXX Festival A"]
[Site "Arco ITA"]
[Date "2008.10.26"]
[Round "9"]
[White "Barlocco, Carlo"]
[Black "Ricci, Alfredo"]
[Result "1-0"]
[WhiteElo "2144"]
[BlackElo "2020"]
[PlyCount "69"]
[EventDate "2008.10.18"]

1. b4 Nf6 2. Bb2 g6 3. e3 Bg7 4. Nf3 O-O 5. c4 b6 6. Be2 Bb7 7. O-O d6 8. Nc3
Nbd7 9. Qb3 c5 10. Ne1 Ne4 11. Nxe4 Bxb2 12. Qxb2 Bxe4 13. Bf3 Bxf3 14. Nxf3
Qc7 15. Rfc1 Ne5 16. Ne1 a5 17. b5 Rad8 18. Rc3 d5 19. cxd5 Rxd5 20. d4 Ng4 21.
Nf3 Qd6 22. h3 Nf6 23. dxc5 Rxc5 24. Rxc5 Qxc5 25. Rc1 Qb4 26. Qe5 Rd8 27. Nd4
Qd2 28. Rc7 Qe1+ 29. Kh2 Qxf2 30. Qxe7 Rf8 31. Ne6 Ng4+ 32. hxg4 Rd8 33. Nxd8
Qxa2 34. Nxf7 Kg7 35. Qe5+ 1-0

[Event "XXX Festival A"]
[Site "Arco ITA"]
[Date "2008.10.26"]
[Round "9"]
[White "Battiston, Claudio"]
[Black "Niccoli, Paolo"]
[Result "1-0"]
[WhiteElo "2027"]
[BlackElo "1898"]
[PlyCount "71"]
[EventDate "2008.10.18"]

1. e4 c5 2. c3 d5 3. exd5 Qxd5 4. d4 Nf6 5. Nf3 Nc6 6. Be2 Bg4 7. h3 Bh5 8. c4
Qd6 9. d5 Bxf3 10. Bxf3 Nd4 11. O-O g6 12. Nc3 Bg7 13. Be3 Nxf3+ 14. Qxf3 a6
15. Rfe1 O-O 16. Bf4 Qd7 17. Qe3 Rfe8 18. Qxc5 Rac8 19. Qb4 b5 20. cxb5 Nxd5
21. Nxd5 Qxd5 22. bxa6 Rc4 23. Qb3 Qc6 24. Rac1 Rxc1 25. Rxc1 Qxa6 26. a4 Qf6
27. Qb5 Rf8 28. Bg5 Qxb2 29. Rb1 Qxb5 30. axb5 f6 31. Be3 Rb8 32. b6 Rb7 33.
Rc1 f5 34. Rc7 Rb8 35. f4 e5 36. b7 1-0

[Event "XXX Festival A"]
[Site "Arco ITA"]
[Date "2008.10.26"]
[Round "9"]
[White "Bernardi, Ruben"]
[Black "Perich, Stefano"]
[Result "1-0"]
[WhiteElo "2154"]
[BlackElo "1960"]
[PlyCount "59"]
[EventDate "2008.10.18"]

1. e4 e6 2. d3 d5 3. Nd2 c5 4. g3 Nc6 5. Bg2 g6 6. Ngf3 Bg7 7. O-O Nge7 8. Re1
O-O 9. e5 Qc7 10. Qe2 b6 11. Nf1 h6 12. h4 Nf5 13. c3 Ba6 14. Bf4 Kh7 15. Rad1
Rad8 16. g4 Nfe7 17. Qd2 Ng8 18. Ng3 Nce7 19. Rc1 Qd7 20. g5 h5 21. Nh2 Nf5 22.
Nxf5 exf5 23. Nf1 d4 24. c4 Rfe8 25. Ng3 Bb7 26. Bh3 Bf3 27. Ne4 Bxe5 28. Bxe5
Rxe5 29. Qf4 Bxe4 30. Qxe5 1-0

[Event "XXX Festival A"]
[Site "Arco ITA"]
[Date "2008.10.26"]
[Round "9"]
[White "Bertani, Gianfranco"]
[Black "Dittmar, Peter"]
[Result "0-1"]
[WhiteElo "2106"]
[BlackElo "2357"]
[PlyCount "116"]
[EventDate "2008.10.18"]

1. Nf3 d5 2. b3 c6 3. Bb2 Bg4 4. e3 Nf6 5. d4 e6 6. Nbd2 Nbd7 7. h3 Bh5 8. Be2
Be7 9. O-O a5 10. c4 a4 11. Ne5 Bxe2 12. Qxe2 Bb4 13. Nd3 a3 14. Nxb4 axb2 15.
Rab1 Qb6 16. Nd3 Rxa2 17. Rxb2 Rxb2 18. Nxb2 Qa5 19. cxd5 exd5 20. e4 dxe4 21.
Nbc4 Qd5 22. Nxe4 Nxe4 23. Qxe4+ Qxe4 24. Nd6+ Ke7 25. Nxe4 Nf6 26. Nc5 Rb8 27.
Ra1 Kd6 28. Ra7 Kc7 29. Kf1 Nd5 30. g3 Kb6 31. Ra1 Re8 32. Nd7+ Kc7 33. Nc5 Kb6
34. Nd7+ Kb5 35. Nc5 b6 36. Nd3 Re7 37. Rc1 f6 38. Rc4 Ra7 39. Kg2 Ra3 40. Nc1
Rxb3 41. Rxc6 Rxg3+ 42. fxg3 Kxc6 43. Kf3 Kb5 44. Ke4 Kc4 45. g4 Nc3+ 46. Kf5
Kxd4 47. Ke6 Ne4 48. Kf7 g5 49. Kg7 b5 50. Kxh7 Nc5 51. Kg6 Ke5 52. Kh5 Ne6 53.
Nd3+ Kd4 54. Nb4 Nf4+ 55. Kh6 Kc4 56. Nc6 b4 57. Kg7 b3 58. Na5+ Kc3 0-1

[Event "XXX Festival A"]
[Site "Arco ITA"]
[Date "2008.10.26"]
[Round "9"]
[White "Cardili, Mariano"]
[Black "Virzi, Ettore"]
[Result "0-1"]
[WhiteElo "2123"]
[BlackElo "1950"]
[PlyCount "70"]
[EventDate "2008.10.18"]

1. d4 Nf6 2. c4 g6 3. Nc3 Bg7 4. e4 d6 5. Nf3 O-O 6. Be2 e5 7. O-O Nc6 8. d5
Ne7 9. Ne1 Nd7 10. Nd3 f5 11. Bd2 Nf6 12. f3 f4 13. Rc1 g5 14. c5 Ng6 15. cxd6
cxd6 16. Nb5 Rf7 17. Qc2 Ne8 18. a4 h5 19. Nf2 Bf8 20. Qb3 Rg7 21. Rc2 Nh4 22.
h3 g4 23. fxg4 Nf6 24. Be1 hxg4 25. hxg4 Nh5 26. Nh1 Bxg4 27. Bxg4 Rxg4 28. Qh3
Qg5 29. Bxh4 Rxh4 30. Qe6+ Kh8 31. Rf3 Ng3 32. Nxg3 fxg3 33. Rc8 Rxc8 34. Qxc8
Rf4 35. Qh3+ Rh4 0-1

[Event "XXX Festival A"]
[Site "Arco ITA"]
[Date "2008.10.26"]
[Round "9"]
[White "De Eccher, Stefano"]
[Black "Facchetti, Gianni"]
[Result "1/2-1/2"]
[WhiteElo "2263"]
[BlackElo "2154"]
[PlyCount "56"]
[EventDate "2008.10.18"]

1. e4 e5 2. Nf3 Nc6 3. d4 exd4 4. c3 d5 5. exd5 Qxd5 6. cxd4 Bb4+ 7. Nc3 Bg4 8.
Be2 O-O-O 9. Be3 Nf6 10. O-O Qa5 11. Qb3 Be6 12. Qc2 Bf5 13. Qc1 Bxc3 14. bxc3
Ne4 15. Bd3 Bg6 16. Bxe4 Bxe4 17. Nd2 Qf5 18. Nxe4 Qxe4 19. f3 Qd3 20. Rd1 Qc4
21. Bf2 f6 22. Qc2 g6 23. Rab1 Rhe8 24. Rd2 b6 25. Qb3 Na5 26. Qc2 Nc6 27. Qb3
Na5 28. Qc2 Nc6 1/2-1/2

[Event "XXX Festival A"]
[Site "Arco ITA"]
[Date "2008.10.26"]
[Round "9"]
[White "Dickhoff, Ronald"]
[Black "Orlandi, Stefano"]
[Result "1-0"]
[WhiteElo "2175"]
[BlackElo "1965"]
[PlyCount "83"]
[EventDate "2008.10.18"]

1. d4 f5 2. g3 Nf6 3. Bg2 e6 4. Nh3 Be7 5. c4 O-O 6. O-O d6 7. Nc3 a6 8. e4 e5
9. dxe5 dxe5 10. exf5 Bxf5 11. Qxd8 Rxd8 12. Bxb7 Bxh3 13. Bxa8 Bxf1 14. Kxf1
c6 15. Be3 Nbd7 16. Rd1 Rc8 17. Ne4 Rc7 18. Rd3 a5 19. Rb3 h6 20. Rb7 Rxb7 21.
Bxb7 Kf8 22. b3 Ke8 23. Bc8 Kd8 24. Bxd7 Nxd7 25. g4 Kc7 26. Ke2 Nf8 27. Kd3
Ne6 28. Ng3 Bb4 29. Ke4 Bc3 30. Kf5 Kd7 31. Ne4 Bd4 32. Bd2 Bb6 33. Bc3 Nd4+
34. Kg6 Nf3 35. h3 Bd4 36. Bxa5 Ke6 37. Kxg7 Ng5 38. Nxg5+ hxg5 39. Kg6 Bxf2
40. Kxg5 e4 41. Kf4 e3 42. Bb6 1-0

[Event "XXX Festival A"]
[Site "Arco ITA"]
[Date "2008.10.26"]
[Round "9"]
[White "Diotallevi, Maurizio"]
[Black "De Santis, Alessio"]
[Result "0-1"]
[WhiteElo "2101"]
[BlackElo "2263"]
[PlyCount "62"]
[EventDate "2008.10.18"]

1. d4 f5 2. Bg5 c5 3. c3 Qb6 4. Qd2 Nf6 5. Bxf6 gxf6 6. Nf3 d5 7. e3 Nc6 8. Be2
Bd7 9. Qc2 Rg8 10. g3 e6 11. Nbd2 cxd4 12. Nxd4 Bd6 13. Bh5+ Ke7 14. Qb3 Nxd4
15. cxd4 Qxb3 16. axb3 e5 17. Nf3 e4 18. Nh4 a5 19. Ng2 f4 20. Nxf4 Bxf4 21.
gxf4 Bg4 22. Bxg4 Rxg4 23. f5 Rg5 24. Ke2 Rxf5 25. Rhg1 Kf7 26. Rg3 Ra6 27.
Rag1 Rb6 28. Rg7+ Ke6 29. Rxh7 Rxb3 30. Rg8 Rxb2+ 31. Ke1 Rfxf2 0-1

[Event "XXX Festival A"]
[Site "Arco ITA"]
[Date "2008.10.26"]
[Round "9"]
[White "Ferrari, Michele"]
[Black "Castellano, Alfonso"]
[Result "1/2-1/2"]
[WhiteElo "1825"]
[BlackElo "1967"]
[PlyCount "57"]
[EventDate "2008.10.18"]

1. d4 Nf6 2. Bg5 d5 3. Bxf6 exf6 4. e3 Be6 5. Bd3 Be7 6. Nd2 Nd7 7. Ngf3 O-O 8.
O-O Re8 9. c3 b6 10. Bb5 c5 11. dxc5 bxc5 12. e4 Qb6 13. Qa4 dxe4 14. Nxe4 Red8
15. b3 Qc7 16. Rfd1 Nb6 17. Qa5 Bd5 18. Ng3 Qf4 19. Be2 Bd6 20. c4 Bc6 21. Qd2
Qxd2 22. Rxd2 Bf4 23. Rxd8+ Rxd8 24. Rd1 Re8 25. Kf1 g6 26. Ng1 Nd7 27. Bf3 Ne5
28. Bxc6 Nxc6 29. Nf3 1/2-1/2

[Event "XXX Festival A"]
[Site "Arco ITA"]
[Date "2008.10.26"]
[Round "9"]
[White "Grant, Jonathan I.M."]
[Black "Lapiccirella, Daniele"]
[Result "0-1"]
[WhiteElo "2246"]
[BlackElo "2179"]
[PlyCount "80"]
[EventDate "2008.10.18"]

1. c4 c6 2. e4 d5 3. exd5 cxd5 4. d4 Nf6 5. Nc3 Nc6 6. Nf3 Bg4 7. cxd5 Nxd5 8.
Qb3 Bxf3 9. gxf3 e6 10. Qxb7 Nxd4 11. Bb5+ Nxb5 12. Qc6+ Ke7 13. Qxb5 Qd7 14.
Nxd5+ Qxd5 15. Qxd5 exd5 16. Be3 Ke6 17. Rc1 Bb4+ 18. Ke2 Rhc8 19. Kd3 Bd6 20.
a3 a5 21. h3 Be5 22. Rxc8 Rxc8 23. Rb1 a4 24. Bd2 Rb8 25. Bb4 Kf5 26. b3 Rxb4
27. f4 Rxf4 28. bxa4 Rxa4 29. Ke2 Rxa3 30. Rb5 d4 31. Rb7 d3+ 32. Kf3 d2+ 33.
Ke2 Rd3 34. Kd1 Ke6 35. h4 h5 36. Rb5 g6 37. Rb7 f6 38. Rb5 Rd5 39. Rb3 Kf5 40.
f3 Bf4 0-1